Normal view
MARC view
Entry Personal Name
001 - CONTROL NUMBER
- control field: 79055
003 - CONTROL NUMBER IDENTIFIER
- control field: dpl
005 - DATE AND TIME OF LATEST TRANSACTION
- control field: 20250301160008.0
008 - FIXED-LENGTH DATA ELEMENTS
- fixed length control field: 250301|| aca||aabn | a|a d
040 ## - CATALOGING SOURCE
- Original cataloging agency: dpl
- Transcribing agency: dpl
100 ## - HEADING--PERSONAL NAME
- Personal name: कुलश्रेष्ठ, सुधांशु
670 ## - SOURCE DATA FOUND
- Source citation: Work cat.: (dpl)209949: कुलश्रेष्ठ, सुधांशु, राष्ट्रवाद एक विचारधारा/, 2023
